History Quiz

Random History or Letter Quiz

Five Letter History A-Z Quiz Stats

 Plays Quiz Updated Jul 31, 2016

Challenge
Share
Tweet
Embed
Score 0/26 Timer 04:00
1 Play Today
Clue 5-Letter Word % Correct
First African-American US President BarackObama
96%
Greek philosopher and founder of the Academy Plato
88.4%
Flowers that were emblematic of the Lancaster-York warsRoses
88.3%
Name of any of 18 French kings, including The Sun KingLouis
88.1%
Claude whose work gave name to the ImpressionistsMonet
85.9%
Future US president who led the Union Army to victoryGrant
85%
Book revealed to Muhammad beginning in 609Quran
84.4%
British royal house founded by Henry VIITudor
78.4%
The Democratic Republic of the Congo before 1997Zaire
77.4%
Egyptian President Anwar assassinated in 1981Sadat
73.4%
Surname of Francis (painter) and Francis (philosopher)Bacon
72.3%
Main island where the Minoan Civilization thrivedCrete
69.6%
Kampuchean Communist Party AKA the ____ RougeKhmer
65.6%
Clue 5-Letter Word % Correct
Name used by 8 Catholic PopesUrban
63.9%
Classical order of architecture with voluted columnsIonic
61.5%
Selassie who was the Ethiopian emperor from 1930-74Haile
61.3%
Historical nickname for the American SoutheastDixie
60.5%
American capitalist John Jacob who died on the TitanicAstor
59.8%
First Prime Minister of India JawaharlalNehru
59.4%
Seat of French Government during Nazi occupationVichy
54.6%
Member of 4th century West Germanic tribeFrank
48%
Belgian town and site of 3 World War I battlesYpres
43.5%
A famous 1521 Edict/Diet was named for this German cityWorms
43.3%
Collective name for Marbles taken from the ParthenonElgin
33.7%
Chinese President between Zhao and HuJiang
28.5%
Tribe that fought European Settlers in southern AfricaXhosa
18.8%

You're not logged in!

Compare scores with friends on all Sporcle quizzes.
OR
Log In

You Might Also Like...

Show Comments

Extras

Top Quizzes Today


Score Distribution

Your Account Isn't Verified!

In order to create a playlist on Sporcle, you need to verify the email address you used during registration. Go to your Sporcle Settings to finish the process.

Report this User

Report this user for behavior that violates our Community Guidelines.

Details: